000 003860000a22001450004500
001 10966
041 0 _aSPA
082 0 4 _aG 833 C221a
100 1 _aCanetti, Elías (1905- )
245 1 0 _aAuto de fe / Elias Canetti; Juan José del Solar, Traductor
260 _aBogotá, Colombia : Círculo de Lectores
300 _a455 Pag
500 _aTítulo original : Die blendung
942 _cBK
999 _c40351
_d40351